| 000 | 00586nam a2200181Ia 4500 | ||
|---|---|---|---|
| 008 | 090122s9999 xx 000 0 und d | ||
| 082 |
_b14008 _a891.468 |
||
| 100 |
_aसंझगिरी _bव्दारकानाथ |
||
| 245 | _aथर्ड अंपायर | ||
| 260 |
_bअनघा _c2008 |
||
| 300 | _a270 | ||
| 501 | _a028 - 26/12/2008 अनघा प्रकाशन ठाणे | ||
| 600 | _aसंझगिरी | ||
| 630 | _aथर्ड अंपायर | ||
| 700 | _aसंझगिरी | ||
| 730 | _aथर्ड अंपायर | ||
| 942 | _cBOOK | ||
| 999 |
_c38085 _d38085 |
||